| 000 | 01030nam a2200229 i 4500 | ||
|---|---|---|---|
| 001 | 152937 | ||
| 003 | ES-MaACL | ||
| 005 | 20250820135754.0 | ||
| 008 | 040802s1887 fr |||| | fre d | ||
| 040 |
_aCAM _bspa _cCAM |
||
| 130 | 0 |
_aCalila y Dimna. _9119651 |
|
| 245 | 1 | 0 |
_aJohannis de Capua Directorium vitae humanae alias parabola antiquorum sapientum _b: version latina du livre de Kalilah et Dimnah / _cpubliée et annotée par Joseph Derenbourg. |
| 260 |
_aParis : _bF. Vieweg libraire-éditeur, _c1887. |
||
| 300 |
_a1 v. ; _c24 cm. |
||
| 490 | 1 |
_aBibliothèque de l'Ecole des Hautes Etudes. Sciences philologiques et historiques ; _v72 |
|
| 597 | _aTexto en latín y notas en fracés. | ||
| 700 | 0 |
_aCapua, Giovanni di. _934912 |
|
| 700 | 1 |
_aDerenbourg, Joseph, _d1811-1895 _9126760 |
|
| 830 | 0 | 0 |
_aBibliothèque de l'École des Hautes Études. Sciences historiques et philologiques _v72 _9229685 |
| 852 |
_aES-MaACL _jC-7600 _z-- Enc. hol. _q-- Sólo 1er fascicule (240 p.) |
||
| 999 |
_c152937 _d152937 |
||